LIBRARY & INFORMATION CENTRE, KCAET, TAVANUR

ONLINE PUBLIC ACCESS CATALOGUE (OPAC)

Text book of modern engineering chemistry / (Record no. 3222)

MARC details
000 -LEADER
fixed length control field 00391cam a2200169ua 4500
041 ## - LANGUAGE CODE
Language code of text/sound track or separate title eng
082 ## - DEWEY DECIMAL CLASSIFICATION NUMBER
Classification number 540.0162
Item number THO/TE
100 ## - MAIN ENTRY--AUTHOR NAME
Personal name Thomas, A O .
245 ## - TITLE STATEMENT
Title Text book of modern engineering chemistry /
250 ## - EDITION STATEMENT
Edition statement 1 /
300 ## - PHYSICAL DESCRIPTION
Number of Pages 325 ; .
942 ## - ADDED ENTRY ELEMENTS (KOHA)
Koha item type Books
Holdings
Withdrawn status Lost status Damaged status Home library Current library Date acquired Full call number Accession Number Koha item type
Withdrawn   Damaged KAUAET KAUAET 07/04/2012 540.0162 12245 Books
free website counter